Find the Former Soviet States Quiz Stats

Quiz Updated Jul 13, 2016

Challenge
Share
Tweet
Score 0/15 Timer 03:00
84 Plays Today
% Correct
Russia
97.2%
Kazakhstan
90.2%
Ukraine
89.8%
Belarus
84.4%
Estonia
82.4%
Latvia
80.9%
Lithuania
80.2%
Moldova
79.6%
% Correct
Uzbekistan
75.9%
Georgia
73.9%
Armenia
72.2%
Kyrgyzstan
71.9%
Azerbaijan
70.8%
Turkmenistan
70%
Tajikistan
65.8%

You're not logged in!

Compare scores with friends on all Sporcle quizzes.
Join for Free
OR
Log In

You Might Also Like...

Show Comments

Extras

Top Quizzes Today


Score Distribution

Your Account Isn't Verified!

In order to create a playlist on Sporcle, you need to verify the email address you used during registration. Go to your Sporcle Settings to finish the process.

Report this User

Report this user for behavior that violates our Community Guidelines.

Details: